[Event "London Classic Open (rapid) 2015"]
[Site "London ENG"]
[Date "2015.12.13"]
[Round "8"]
[White "Hansen, Eric"]
[Black "McShane, Luke J"]
[Result "0-1"]
[WhiteElo "2573"]
[BlackElo "2687"]
[PlyCount "82"]
[EventDate "2015.12.12"]

1. e4 e5 2. Nf3 Nc6 3. Bb5 Nf6 4. d3 Bc5 5. Nbd2 O-O 6. Bxc6 dxc6 7. Nc4 Nd7 8.
O-O Re8 9. Bg5 f6 10. Bd2 Nf8 11. b4 Bd6 12. a4 Bg4 13. h3 Bh5 14. Na5 Rb8 15.
b5 c5 16. Nc4 Ne6 17. Ne3 Bf8 18. Ng4 Qd7 19. Be3 Rbd8 20. Nd2 Bf7 21. Kh1 b6
22. Nc4 Nd4 23. c3 Nb3 24. Nb2 Nxa1 25. Qxa1 c6 26. c4 a6 27. bxc6 Qxc6 28. f4
h5 29. Nh2 exf4 30. Bxf4 b5 31. axb5 axb5 32. cxb5 Qxb5 33. Nf3 Ra8 34. Qc1 Ra2
35. Rf2 Rea8 36. Kh2 Ra1 37. Qc2 R8a2 38. e5 Qb3 39. Qxb3 Bxb3 40. exf6 gxf6
41. Be3 Bd6+ 0-1

[Event "London Classic Open (rapid) 2015"]
[Site "London ENG"]
[Date "2015.12.13"]
[Round "9"]
[White "McShane, Luke J"]
[Black "Suarez Real, Alberto"]
[Result "1-0"]
[WhiteElo "2687"]
[BlackElo "2383"]
[PlyCount "181"]
[EventDate "2015.12.12"]

1. e4 c5 2. Nf3 Nc6 3. Bb5 Nf6 4. Bxc6 dxc6 5. d3 Bg4 6. Nbd2 Nd7 7. h3 Bh5 8.
Qe2 e5 9. g4 Bg6 10. Nc4 f6 11. Nh4 Qc7 12. a4 Bf7 13. Bd2 g6 14. Nf3 Be7 15.
g5 Bxc4 16. dxc4 Nf8 17. O-O-O Ne6 18. h4 O-O-O 19. gxf6 Bxf6 20. h5 Qf7 21.
hxg6 hxg6 22. b3 Nd4 23. Nxd4 cxd4 24. Qg4+ Kb8 25. f4 Rhg8 26. Rhf1 Qe7 27.
Kb2 exf4 28. Bxf4+ Be5 29. Qg3 Bxf4 30. Qxf4+ Qc7 31. Qg5 Rge8 32. Qxg6 Qe5 33.
Rd3 Qxe4 34. Qg3+ Qe5 35. Qxe5+ Rxe5 36. Rf7 Re3 37. Rxe3 dxe3 38. Re7 a5 39.
Rxe3 Ka7 40. Re5 Ka6 41. Kc3 b6 42. c5 bxc5 43. Rxc5 Kb6 44. Re5 Rh8 45. Kd4
Rh3 46. Re4 Rg3 47. c3 Rh3 48. Kc4 Rh1 49. b4 axb4 50. cxb4 Rc1+ 51. Kb3 Rb1+
52. Kc3 Rc1+ 53. Kb2 Rg1 54. Rc4 Rg2+ 55. Kb3 Rg3+ 56. Rc3 Rg1 57. Rd3 Rg4 58.
Rh3 Rg1 59. Rc3 Rh1 60. a5+ Kb7 61. Rd3 Rb1+ 62. Kc4 Rc1+ 63. Rc3 Rg1 64. Re3
Rc1+ 65. Kb3 Rb1+ 66. Kc3 Rc1+ 67. Kb2 Rg1 68. Re7+ Ka6 69. Kc3 Rc1+ 70. Kd4
Rd1+ 71. Kc4 Rc1+ 72. Kd3 Rb1 73. Kc3 Rc1+ 74. Kb2 Rc4 75. Kb3 Rc1 76. Rc7 Rb1+
77. Kc4 Rc1+ 78. Kd3 Kb5 79. Rb7+ Ka6 80. Rb8 c5 81. Rb6+ Ka7 82. Rc6 Rb1 83.
bxc5 Ra1 84. a6 Ra4 85. Rd6 Rxa6 86. Kc4 Ra1 87. Kb5 Kb7 88. Rd7+ Kc8 89. Rh7
Rg1 90. Kb6 Kd8 91. Rh8+ 1-0

[Event "London Classic Open (rapid) 2015"]
[Site "London ENG"]
[Date "2015.12.13"]
[Round "10"]
[White "Lenderman, Aleksandr"]
[Black "McShane, Luke J"]
[Result "1/2-1/2"]
[WhiteElo "2627"]
[BlackElo "2687"]
[PlyCount "122"]
[EventDate "2015.12.12"]

1. d4 d5 2. c4 c6 3. Nf3 Nf6 4. Qc2 dxc4 5. Qxc4 Bf5 6. g3 e6 7. Bg2 Nbd7 8.
O-O Be7 9. e3 O-O 10. Rd1 Qc7 11. Nc3 Ne4 12. Nd2 Nxc3 13. Qxc3 Bg6 14. Nc4 Nf6
15. Ne5 Bh5 16. f3 c5 17. g4 Bg6 18. e4 Rac8 19. Be3 cxd4 20. Qxc7 Rxc7 21.
Bxd4 Bc5 22. h4 h6 23. g5 hxg5 24. hxg5 Bxd4+ 25. Rxd4 Nh5 26. Rad1 Nf4 27.
R1d2 Bh5 28. Nd3 Nxd3 29. R4xd3 Kh7 30. f4 Kg6 31. e5 Bg4 32. Rd7 Rc4 33. R2d4
Rxd4 34. Rxd4 b6 35. Rd7 a5 36. Kf2 Rb8 37. Be4+ Bf5 38. Bxf5+ exf5 39. Ke3 b5
40. Ra7 a4 41. Rd7 a3 42. bxa3 Ra8 43. Rd6+ Kh5 44. Rd3 Kg4 45. Rd7 Rxa3+ 46.
Kd4 Kxf4 47. Rxf7 Rxa2 48. Rxg7 Re2 49. g6 Rxe5 50. Rb7 Re6 51. g7 Rg6 52. Kd3
Kg4 53. Ke2 f4 54. Kf2 b4 55. Rxb4 Rxg7 56. Rb8 Rg6 57. Rb7 Rd6 58. Rg7+ Kf5
59. Rf7+ Ke4 60. Re7+ Kf5 61. Rf7+ Ke4 1/2-1/2

[Event "London Chess Classic (tie-break) 2015"]
[Site "London ENG"]
[Date "2015.12.13"]
[Round "1"]
[White "Vachier-Lagrave, Maxime"]
[Black "Giri, Anish"]
[Result "0-1"]
[WhiteElo "2765"]
[BlackElo "2778"]
[PlyCount "86"]
[EventDate "2015.12.13"]

1. e4 e5 2. Nf3 Nc6 3. Bb5 Nf6 4. O-O Nxe4 5. d4 Nd6 6. Bxc6 dxc6 7. dxe5 Nf5
8. Qxd8+ Kxd8 9. h3 Ke8 10. Nc3 h5 11. Ne2 b6 12. Rd1 Be7 13. Bg5 Bb7 14. Bxe7
Kxe7 15. Ned4 Nxd4 16. Nxd4 c5 17. Nb5 Rhc8 18. f4 Bc6 19. Nc3 Ke6 20. Kf2 h4
21. a4 Kf5 22. Ke3 Re8 23. Nd5 Rac8 24. Rd2 f6 25. Rf1 fxe5 26. fxe5+ Kg5 27.
Nc3 Rxe5+ 28. Kf2 Rf8+ 29. Kg1 Rxf1+ 30. Kxf1 Rf5+ 31. Kg1 Rf4 32. Re2 Kf6 33.
b3 a6 34. Nd1 Bd5 35. c4 Be6 36. a5 Rd4 37. Nf2 Bf5 38. Ra2 Rd6 39. Kf1 Ke5 40.
Re2+ Kf4 41. Ra2 g5 42. Ke1 Re6+ 43. Kf1 Re3 0-1

[Event "London Chess Classic (tie-break) 2015"]
[Site "London ENG"]
[Date "2015.12.13"]
[Round "1"]
[White "Giri, Anish"]
[Black "Vachier-Lagrave, Maxime"]
[Result "0-1"]
[WhiteElo "2778"]
[BlackElo "2765"]
[PlyCount "118"]
[EventDate "2015.12.13"]

1. d4 Nf6 2. c4 g6 3. Nc3 d5 4. cxd5 Nxd5 5. g3 Bg7 6. Bg2 Nb6 7. Nf3 Nc6 8. e3
O-O 9. O-O Re8 10. b3 e5 11. Nxe5 Nxe5 12. dxe5 Bxe5 13. Bb2 Qe7 14. Qc2 c6 15.
Rad1 Bg4 16. f3 Be6 17. f4 Bg7 18. e4 Rad8 19. e5 Bg4 20. Bf3 Rxd1 21. Qxd1 Rd8
22. Qe2 Bxf3 23. Rxf3 f6 24. exf6 Qxe2 25. Nxe2 Bf8 26. Bd4 Kf7 27. Rc3 Nd5 28.
Rc4 Nxf6 29. Kg2 Nd5 30. Kf3 a5 31. Bc5 Bg7 32. Bd4 Bf8 33. Bc5 Bh6 34. Rd4 Bg7
35. Rd2 a4 36. Bd4 Bxd4 37. Rxd4 axb3 38. axb3 Ra8 39. Rd3 Ra2 40. h3 Rb2 41.
Nd4 h5 42. f5 g5 43. Ne6 Kf6 44. Nd8 Rh2 45. Nxb7 Rxh3 46. Nd6 Rh2 47. Ke4 Re2+
48. Kd4 Ne7 49. Kc5 g4 50. Kb6 Re5 51. Kc7 c5 52. Nc4 Rxf5 53. Rd6+ Kg5 54. Re6
Nd5+ 55. Kd6 h4 56. gxh4+ Kxh4 57. Ne5 Nf4 58. Rh6+ Kg5 59. Rh8 Rxe5 0-1

[Event "London Chess Classic (tie-break) 2015"]
[Site "London ENG"]
[Date "2015.12.13"]
[Round "1"]
[White "Giri, Anish"]
[Black "Vachier-Lagrave, Maxime"]
[Result "0-1"]
[WhiteElo "2778"]
[BlackElo "2765"]
[PlyCount "82"]
[EventDate "2015.12.13"]

1. Nf3 Nf6 2. g3 g6 3. b3 Bg7 4. Bb2 b6 5. Bg2 Bb7 6. O-O O-O 7. c4 c5 8. e3 d6
9. Qe2 Nbd7 10. Rd1 e6 11. Nc3 Qe7 12. d4 Rad8 13. Qc2 d5 14. Ne5 cxd4 15. exd4
Nxe5 16. dxe5 Ng4 17. cxd5 exd5 18. Bxd5 Nxe5 19. Qe4 Bc8 20. Re1 Bf5 21. Qe3
Qc5 22. Rad1 Bg4 23. Rb1 Bf5 24. Be4 Nd3 25. Qxc5 bxc5 26. Bxd3 Rxd3 27. Na4
Rd2 28. Bxg7 Kxg7 29. Rb2 Rfd8 30. Re2 Rd1+ 31. Kg2 c4 32. bxc4 Bd3 33. Re7
Bxc4 34. Re3 R8d6 35. a3 Bf1+ 36. Kf3 Rf6+ 37. Ke4 Re6+ 38. Kf3 Rf6+ 39. Ke4
Re6+ 40. Kf3 Rf6+ 41. Kg4 Rd4+ 0-1

[Event "London Chess Classic (tie-break) 2015"]
[Site "London ENG"]
[Date "2015.12.13"]
[Round "2"]
[White "Carlsen, Magnus"]
[Black "Vachier-Lagrave, Maxime"]
[Result "1-0"]
[WhiteElo "2850"]
[BlackElo "2765"]
[PlyCount "113"]
[EventDate "2015.12.13"]

1. e4 c5 2. Nf3 d6 3. Bb5+ Bd7 4. Bxd7+ Qxd7 5. c4 Nf6 6. Nc3 g6 7. d4 cxd4 8.
Nxd4 Bg7 9. f3 O-O 10. Be3 Nc6 11. Rc1 Nxd4 12. Bxd4 Rfc8 13. b3 Nh5 14. O-O
Bxd4+ 15. Qxd4 Nf6 16. Rfe1 Rc7 17. Rcd1 Qc6 18. Nb5 Rd7 19. Nxa7 Qc5 20. Qxc5
dxc5 21. Nb5 Rxa2 22. e5 Rxd1 23. Rxd1 Nh5 24. g3 Rb2 25. Rd8+ Kg7 26. Re8 Rb1+
27. Kg2 Rb2+ 28. Kg1 Rb1+ 29. Kg2 Rb2+ 30. Kh3 e6 31. Re7 Rxb3 32. Kg4 Kf8 33.
Rxb7 h6 34. Rc7 f5+ 35. exf6 Nxf6+ 36. Kf4 g5+ 37. Ke5 Ne8 38. Rxc5 Re3+ 39.
Kd4 Rxf3 40. Re5 Rf2 41. Rxe6 Rxh2 42. c5 h5 43. Nd6 Nxd6 44. cxd6 Kf7 45. Re3
h4 46. g4 h3 47. Ke5 Rh1 48. d7 Ke7 49. Kf5+ Kxd7 50. Kxg5 Kd6 51. Kh5 Rf1 52.
Rxh3 Ke7 53. Kg6 Rf6+ 54. Kg7 Rf7+ 55. Kg6 Rf6+ 56. Kg5 Ra6 57. Rf3 1-0

[Event "Grand Prix Russia Final, (rapid) 2015"]
[Site "Khanty-Mansiysk RUS"]
[Date "2015.12.13"]
[Round "1"]
[White "Girya, Olga"]
[Black "Khismatullin, Denis"]
[Result "0-1"]
[WhiteElo "2456"]
[BlackElo "2654"]
[PlyCount "72"]
[EventDate "2015.12.13"]

1. d4 d6 2. Nf3 g6 3. c4 Bg7 4. Nc3 e5 5. dxe5 dxe5 6. Qxd8+ Kxd8 7. Bd2 Be6 8.
O-O-O Nd7 9. Ng5 Bxc4 10. b3 h6 11. bxc4 hxg5 12. Bxg5+ f6 13. Bd2 Bh6 14. e3
f5 15. h3 c6 16. g4 Kc7 17. Be2 Nc5 18. Kc2 Rf8 19. gxf5 gxf5 20. Bc1 Nf6 21.
Ba3 Nfd7 22. Rhg1 Rf6 23. h4 f4 24. h5 Bf8 25. Bg4 fxe3 26. fxe3 Rf2+ 27. Rd2
Rxd2+ 28. Kxd2 Rg8 29. Rg2 Nf6 30. Bf3 Rxg2+ 31. Bxg2 Nxh5 32. Kc2 Nf6 33. Na4
Ncd7 34. Bb2 Ng4 35. Kd3 Bh6 36. Bh3 Nf2+ 0-1

[Event "Grand Prix Russia Final, (rapid) 2015"]
[Site "Khanty-Mansiysk RUS"]
[Date "2015.12.13"]
[Round "2"]
[White "Bocharov, Dmitry"]
[Black "Khismatullin, Denis"]
[Result "1/2-1/2"]
[WhiteElo "2558"]
[BlackElo "2654"]
[PlyCount "26"]
[EventDate "2015.12.13"]

1. Nf3 c5 2. c4 Nc6 3. Nc3 g6 4. g3 Bg7 5. Bg2 e6 6. O-O Nge7 7. e3 O-O 8. d4
cxd4 9. Nxd4 d5 10. cxd5 Nxd4 11. exd4 Nxd5 12. Nxd5 exd5 13. Be3 Be6 1/2-1/2

[Event "Grand Prix Russia Final, (rapid) 2015"]
[Site "Khanty-Mansiysk RUS"]
[Date "2015.12.13"]
[Round "3"]
[White "Khismatullin, Denis"]
[Black "Ubiennykh, Ekaterina"]
[Result "1/2-1/2"]
[WhiteElo "2654"]
[BlackElo "2283"]
[PlyCount "99"]
[EventDate "2015.12.13"]

1. d4 Nf6 2. c4 g6 3. g3 Bg7 4. Bg2 O-O 5. Nc3 d6 6. Nf3 Nbd7 7. O-O c6 8. h3
e5 9. e4 Re8 10. Re1 exd4 11. Nxd4 Nc5 12. Bf4 Nh5 13. Be3 a5 14. Qc2 Qc7 15.
Rad1 Be6 16. b3 Rad8 17. a3 Bc8 18. b4 Ne6 19. Nb3 axb4 20. axb4 f5 21. exf5
gxf5 22. Na4 Qf7 23. Bb6 Rd7 24. Ba5 f4 25. Nb6 Rde7 26. Qd3 Be5 27. g4 f3 28.
Qxf3 Nhf4 29. h4 Qf6 30. g5 Qg6 31. c5 Nxg2 32. Nxc8 Rxc8 33. Qxg2 Nf4 34. Qg4
Rf8 35. cxd6 Bxd6 36. Rxe7 Bxe7 37. Bc7 Nd5 38. Be5 Qc2 39. Nd4 Qxf2+ 40. Kh1
Ne3 41. Qe6+ Rf7 42. Rg1 Qxh4+ 43. Bh2 Qxd4 44. g6 hxg6 45. Qxg6+ Rg7 46. Qe8+
Bf8 47. Qe6+ Kh7 48. Qh3+ Kg8 49. Qe6+ Kh7 50. Qh3+ 1/2-1/2

[Event "Grand Prix Russia Final, (rapid) 2015"]
[Site "Khanty-Mansiysk RUS"]
[Date "2015.12.13"]
[Round "4"]
[White "Evdokimov, Alexander A"]
[Black "Khismatullin, Denis"]
[Result "0-1"]
[WhiteElo "2490"]
[BlackElo "2654"]
[PlyCount "82"]
[EventDate "2015.12.13"]

1. d4 d5 2. c4 c6 3. Nf3 Nf6 4. Nc3 e6 5. e3 Nbd7 6. Qc2 Bd6 7. b3 O-O 8. Be2
b6 9. O-O Bb7 10. Bb2 Qe7 11. Rfd1 Rad8 12. Rac1 Rfe8 13. h3 Nf8 14. Bd3 Ng6
15. Ne2 c5 16. Ne5 cxd4 17. Nxg6 hxg6 18. Nxd4 e5 19. Nb5 Bc5 20. cxd5 Nxd5 21.
Qe2 f5 22. Nc3 Nxc3 23. Bxc3 Qg5 24. Qf1 f4 25. e4 f3 26. Bd2 Qh5 27. g4 Qh4
28. Be1 Kh7 29. Kh2 Qf6 30. Kg1 Re7 31. b4 Bd4 32. Kh1 Red7 33. Bb5 Rd6 34. Bd3
Qh4 35. Rc7 Bc8 36. Kh2 Bxg4 37. Rxa7 g5 38. Rc1 Rh6 39. Rcc7 Rg8 40. Bc4 Bxh3
41. Bxg8+ Kh8 0-1

[Event "Grand Prix Russia Final, (rapid) 2015"]
[Site "Khanty-Mansiysk RUS"]
[Date "2015.12.13"]
[Round "5"]
[White "Khismatullin, Denis"]
[Black "Ponkratov, Pavel"]
[Result "1/2-1/2"]
[WhiteElo "2654"]
[BlackElo "2604"]
[PlyCount "108"]
[EventDate "2015.12.13"]

1. Nf3 Nf6 2. c4 e6 3. g3 b6 4. Bg2 Bb7 5. d4 Be7 6. O-O O-O 7. Re1 c5 8. d5
exd5 9. Nh4 Ne4 10. cxd5 Bxh4 11. Bxe4 Bf6 12. Nc3 d6 13. Bf4 a6 14. Bg2 Re8
15. a4 Qe7 16. Ne4 Be5 17. Bxe5 Qxe5 18. f4 Qe7 19. Qb3 Nd7 20. Nd2 Qf6 21. e3
Rab8 22. Nc4 h5 23. Qc3 Qg6 24. e4 b5 25. axb5 axb5 26. Na5 b4 27. Qd3 h4 28.
Nc6 Ra8 29. Qb5 Rxa1 30. Rxa1 Bc8 31. Ra8 Qf6 32. e5 dxe5 33. Nxe5 Qe7 34. Rxc8
Rxc8 35. Qb7 Qe8 36. d6 Nxe5 37. fxe5 Rd8 38. Qc7 c4 39. Bc6 Qf8 40. Bd5 Rc8
41. Bxf7+ Kh8 42. Qd7 c3 43. bxc3 bxc3 44. Qf5 g6 45. Qf6+ Kh7 46. Qxg6+ Kh8
47. Qf6+ Kh7 48. Qxh4+ Qh6 49. Qe4+ Kg7 50. Bb3 Qc1+ 51. Kg2 Qd2+ 52. Kg1 Qc1+
53. Kg2 Qd2+ 54. Kg1 Qc1+ 1/2-1/2

[Event "Grand Prix Russia Final, (rapid) 2015"]
[Site "Khanty-Mansiysk RUS"]
[Date "2015.12.14"]
[Round "6"]
[White "Belous, Vladimir"]
[Black "Khismatullin, Denis"]
[Result "0-1"]
[WhiteElo "2557"]
[BlackElo "2654"]
[PlyCount "50"]
[EventDate "2015.12.13"]

1. e4 c5 2. Nf3 d6 3. Bb5+ Nd7 4. O-O a6 5. Bd3 Ngf6 6. Re1 g6 7. e5 dxe5 8.
Nxe5 Nxe5 9. Rxe5 Qd6 10. Re1 Ng4 11. g3 h5 12. Nc3 h4 13. Qf3 Ne5 14. Qf4 Bg7
15. Be4 hxg3 16. hxg3 Bg4 17. Bxb7 Rb8 18. Bg2 g5 19. Qe4 f5 20. Qe3 f4 21.
gxf4 gxf4 22. Qe4 Qh6 23. f3 Qh2+ 24. Kf2 Bxf3 25. Qa4+ Bc6 0-1

[Event "Grand Prix Russia Final, (rapid) 2015"]
[Site "Khanty-Mansiysk RUS"]
[Date "2015.12.14"]
[Round "7"]
[White "Khismatullin, Denis"]
[Black "Smirnov, Pavel"]
[Result "1-0"]
[WhiteElo "2654"]
[BlackElo "2595"]
[PlyCount "107"]
[EventDate "2015.12.13"]

1. g3 d5 2. Bg2 Nf6 3. d3 c5 4. e4 Nc6 5. exd5 Nxd5 6. Nc3 e6 7. Nf3 Be7 8. O-O
O-O 9. Re1 Nxc3 10. bxc3 Bf6 11. Bb2 Qc7 12. h4 b6 13. Ng5 h6 14. Ne4 Be7 15.
c4 Bb7 16. Qh5 Nd4 17. Bxd4 cxd4 18. Re2 e5 19. Nd2 Bxg2 20. Kxg2 Bb4 21. Nf3
f6 22. Qf5 Rac8 23. h5 Qc6 24. Rh1 Rfd8 25. Re4 Qd7 26. Qg6 Qf7 27. Nh4 b5 28.
Rb1 a5 29. a3 Bxa3 30. Rxb5 Qxg6 31. hxg6 a4 32. Re1 Ra8 33. Ra1 Bf8 34. Nf5 a3
35. Kf3 Rdb8 36. Rxb8 Rxb8 37. Ke4 Rb2 38. f4 Rxc2 39. fxe5 fxe5 40. Kxe5 a2
41. Nxd4 Rb2 42. Nb5 Be7 43. d4 Bb4 44. Kd5 Bd2 45. c5 Kf8 46. Kc6 Ke7 47. d5
Kd8 48. d6 Ba5 49. Nd4 Kc8 50. d7+ Kd8 51. Re1 Bxe1 52. Ne6+ Ke7 53. d8=Q+ Kxe6
54. Qd5+ 1-0

[Event "Grand Prix Russia Final, (rapid) 2015"]
[Site "Khanty-Mansiysk RUS"]
[Date "2015.12.14"]
[Round "9"]
[White "Khismatullin, Denis"]
[Black "Dordzhieva, Dinara"]
[Result "1-0"]
[WhiteElo "2654"]
[BlackElo "2230"]
[PlyCount "31"]
[EventDate "2015.12.13"]

1. d4 Nf6 2. Nf3 c5 3. d5 b5 4. Bg5 Qb6 5. Bxf6 Qxf6 6. c3 d6 7. e4 a6 8. a4 b4
9. cxb4 cxb4 10. Nbd2 Nd7 11. Qc2 g6 12. Qc6 Rb8 13. Rc1 e6 14. e5 dxe5 15.
Qxc8+ Rxc8 16. Rxc8+ 1-0

[Event "Grand Prix Russia Final, (rapid) 2015"]
[Site "Khanty-Mansiysk RUS"]
[Date "2015.12.14"]
[Round "10"]
[White "Anikonov, Dmitry"]
[Black "Khismatullin, Denis"]
[Result "0-1"]
[WhiteElo "2370"]
[BlackElo "2654"]
[PlyCount "74"]
[EventDate "2015.12.13"]

1. d4 g6 2. c4 Bg7 3. Nf3 c5 4. d5 d6 5. e4 e6 6. Nc3 Ne7 7. Bf4 e5 8. Be3 f5
9. h4 Nd7 10. h5 Nf6 11. h6 Bf8 12. Bg5 Neg8 13. Bd3 f4 14. g3 fxg3 15. fxg3
Be7 16. Bc2 Bd7 17. Bd2 Nh5 18. Rg1 Ngf6 19. Ba4 O-O 20. Bxd7 Qxd7 21. Ng5 Ng4
22. Ne6 Nh2 23. Ke2 Nf3 24. Be3 Bg5 25. Rg2 Nd4+ 26. Bxd4 exd4 27. Nb5 Bxh6 28.
Qd3 Be3 29. Rh1 a6 30. Nbc7 Rac8 31. g4 Qf7 32. Ke1 Ng3 33. Nxf8 Rxf8 34. Rhg1
Bxg1 35. Qxg3 Qf1+ 36. Kd2 Be3+ 37. Kc2 Qxc4+ 0-1

[Event "Grand Prix Russia Final, (rapid) 2015"]
[Site "Khanty-Mansiysk RUS"]
[Date "2015.12.15"]
[Round "11"]
[White "Khismatullin, Denis"]
[Black "Riazantsev, Alexander"]
[Result "1-0"]
[WhiteElo "2654"]
[BlackElo "2646"]
[PlyCount "85"]
[EventDate "2015.12.13"]

1. d4 Nf6 2. c4 e6 3. Nf3 b6 4. g3 Bb7 5. Bg2 Be7 6. O-O O-O 7. d5 Na6 8. Nd4
Qc8 9. e4 c5 10. Nb5 d6 11. N1c3 e5 12. f4 Nd7 13. Bh3 Qd8 14. Qh5 Nab8 15. Bd2
a6 16. Na3 Bc8 17. Qe2 Re8 18. Nc2 Bf6 19. f5 Bg5 20. Ne3 b5 21. Bg2 Nb6 22. b3
N8d7 23. h4 Bh6 24. Ncd1 bxc4 25. bxc4 a5 26. Rb1 Na4 27. Be1 Nf6 28. Nf2 Bxe3
29. Qxe3 Nb6 30. Qe2 Ba6 31. Rc1 Qd7 32. Nd1 Qa4 33. Ne3 Rab8 34. g4 Nfd7 35.
f6 g6 36. g5 Nxc4 37. Rxc4 Bxc4 38. Nxc4 Qb5 39. Rf2 Qa6 40. Bh3 Nf8 41. Nxa5
Rb5 42. Bf1 Reb8 43. a4 1-0

[Event "Grand Prix Russia Final, (rapid) 2015"]
[Site "Khanty-Mansiysk RUS"]
[Date "2015.12.15"]
[Round "12"]
[White "Alekseev, Evgeny"]
[Black "Khismatullin, Denis"]
[Result "1/2-1/2"]
[WhiteElo "2642"]
[BlackElo "2654"]
[PlyCount "86"]
[EventDate "2015.12.13"]

1. e4 c5 2. Nf3 d6 3. d4 Nf6 4. Nc3 cxd4 5. Nxd4 a6 6. g3 e5 7. Nde2 Be7 8. Bg2
Nbd7 9. a4 b6 10. Nd5 Nxd5 11. Qxd5 Rb8 12. Nc3 O-O 13. O-O Bb7 14. Qd3 Rc8 15.
Re1 Qc7 16. Re2 Nf6 17. Bg5 Qc4 18. Rd2 Qb4 19. Ra2 Rc5 20. Be3 Rc4 21. Ra3 Rc6
22. Rb3 Qa5 23. Nd5 Bd8 24. Ra3 Nxd5 25. exd5 Rc8 26. c3 b5 27. b4 Qc7 28. axb5
axb5 29. Qxb5 f5 30. Ra7 Rb8 31. c4 f4 32. gxf4 exf4 33. Bd4 Qe7 34. Rd1 Qe2
35. Raa1 f3 36. Bf1 Qe4 37. Ba7 Bf6 38. Bxb8 Qg4+ 39. Kh1 Be5 40. Re1 Bxh2 41.
Kxh2 Qf4+ 42. Kg1 Qg5+ 43. Kh2 Qf4+ 1/2-1/2

[Event "Grand Prix Russia Final, (rapid) 2015"]
[Site "Khanty-Mansiysk RUS"]
[Date "2015.12.15"]
[Round "13"]
[White "Khismatullin, Denis"]
[Black "Maletin, Pavel"]
[Result "0-1"]
[WhiteElo "2654"]
[BlackElo "2577"]
[PlyCount "80"]
[EventDate "2015.12.13"]

1. g3 d5 2. Bg2 e5 3. d3 Nf6 4. Nf3 Bd6 5. O-O O-O 6. Nc3 c6 7. e4 dxe4 8. dxe4
Bc7 9. Qe2 Qe7 10. Nh4 Na6 11. Nf5 Bxf5 12. exf5 h6 13. g4 Nc5 14. h4 e4 15. g5
Nd5 16. Nxd5 cxd5 17. Rd1 Rad8 18. Qg4 hxg5 19. hxg5 Qe5 20. Qh3 d4 21. b4 Na4
22. g6 fxg6 23. fxg6 Rf5 24. Re1 Nc3 25. Qh7+ Kf8 26. Qh8+ Ke7 27. Qh4+ Qf6 28.
Qxf6+ Kxf6 29. Bd2 e3 30. fxe3 Rh8 31. Bxc3 Bh2+ 32. Kh1 Bg3+ 33. Bh3 Bxe1 34.
Bxd4+ Kxg6 35. Rxe1 Rxh3+ 36. Kg2 Rh4 37. Kg3 Kh5 38. Bxa7 Rg4+ 39. Kh3 Rf3+
40. Kh2 Kh4 0-1

[Event "Grand Prix Russia Final, (rapid) 2015"]
[Site "Khanty-Mansiysk RUS"]
[Date "2015.12.15"]
[Round "14"]
[White "Shomoev, Anton"]
[Black "Khismatullin, Denis"]
[Result "0-1"]
[WhiteElo "2561"]
[BlackElo "2654"]
[PlyCount "74"]
[EventDate "2015.12.13"]

1. e4 c5 2. Nf3 e6 3. d4 cxd4 4. Nxd4 a6 5. c4 Nf6 6. Nc3 Qc7 7. Be2 b6 8. O-O
Bb7 9. Qd3 Nc6 10. Nxc6 Bxc6 11. Be3 Bc5 12. Bxc5 bxc5 13. f4 d6 14. Rad1 O-O
15. Qxd6 Qb7 16. e5 Ne4 17. Nxe4 Bxe4 18. b3 Bxg2 19. Rf2 Bc6 20. Qxc5 Rfc8 21.
Rd6 a5 22. Bf1 a4 23. Rfd2 axb3 24. axb3 h6 25. Kf2 Rab8 26. Qe3 Qb4 27. Be2
Qa3 28. Bd1 Qa1 29. h4 Ra8 30. Qd4 Qa5 31. Bc2 h5 32. Qd3 g6 33. Rxe6 Qc5+ 34.
Ke2 Qg1 35. Rd6 Ra1 36. Qd4 Qf1+ 37. Ke3 Qf3# 0-1

[Event "Grand Prix Russia Final, (rapid) 2015"]
[Site "Khanty-Mansiysk RUS"]
[Date "2015.12.13"]
[Round "1"]
[White "Maletin, Pavel"]
[Black "Ponkratov, Pavel"]
[Result "1/2-1/2"]
[WhiteElo "2577"]
[BlackElo "2604"]
[PlyCount "108"]
[EventDate "2015.12.13"]

1. Nf3 Nf6 2. c4 c5 3. g3 b6 4. Bg2 Bb7 5. O-O g6 6. b3 Bg7 7. Bb2 O-O 8. Nc3
Nc6 9. d4 cxd4 10. Nxd4 Rc8 11. Rc1 Ba8 12. e3 h5 13. Qd2 Nxd4 14. Qxd4 Ne4 15.
Qd3 Nxc3 16. Bxc3 Bxg2 17. Kxg2 Bxc3 18. Rxc3 Rc5 19. Rd1 d6 20. Qe4 Qc7 21.
Rcd3 Re5 22. Qf3 Rf5 23. Qe4 Rc8 24. Rd5 Qb7 25. f3 Rxd5 26. Qxd5 Qd7 27. Rd2
Rc5 28. Qd4 Qc6 29. a4 Qb7 30. e4 Re5 31. Qe3 Qc6 32. Rd5 Rxd5 33. exd5 Qd7 34.
Qe4 Kf8 35. h4 Qc7 36. g4 hxg4 37. fxg4 Qc5 38. h5 gxh5 39. gxh5 Qa3 40. Qe3
Qb2+ 41. Kg3 Qg7+ 42. Kh3 Qf6 43. Kg4 Qg7+ 44. Kh4 Qf6+ 45. Kg4 Kg7 46. b4 Qf1
47. Qg5+ Kh7 48. Qf5+ Qxf5+ 49. Kxf5 Kh6 50. Kg4 a5 51. b5 Kg7 52. Kg5 Kh7 53.
Kf5 Kh6 54. Kg4 Kg7 1/2-1/2

[Event "Grand Prix Russia Final, (rapid) 2015"]
[Site "Khanty-Mansiysk RUS"]
[Date "2015.12.13"]
[Round "2"]
[White "Ponkratov, Pavel"]
[Black "Shomoev, Anton"]
[Result "1-0"]
[WhiteElo "2604"]
[BlackElo "2561"]
[PlyCount "77"]
[EventDate "2015.12.13"]

1. e4 c5 2. Nf3 Nc6 3. d4 cxd4 4. Nxd4 Nf6 5. Nc3 e5 6. Ndb5 d6 7. Bg5 a6 8.
Na3 b5 9. Nd5 Be7 10. Nxe7 Nxe7 11. Bd3 d5 12. Bxf6 gxf6 13. exd5 Qxd5 14. Be2
Bb7 15. Qxd5 Nxd5 16. Bf3 O-O-O 17. c4 Nf4 18. Bxb7+ Kxb7 19. O-O b4 20. Nc2
Rd2 21. Nxb4 a5 22. Nd5 Nxd5 23. cxd5 Rd8 24. a4 R8xd5 25. Ra3 R5d3 26. Rxd3
Rxd3 27. Re1 Rd2 28. f4 exf4 29. Re7+ Kc6 30. Rxf7 Rxb2 31. Rxf6+ Kc5 32. Rf5+
Kb4 33. Rb5+ Ka3 34. Rxa5 Rd2 35. Ra7 Kb4 36. Rxh7 Kxa4 37. Rf7 Rd4 38. Kf2 Kb5
39. Kf3 1-0

[Event "Grand Prix Russia Final, (rapid) 2015"]
[Site "Khanty-Mansiysk RUS"]
[Date "2015.12.13"]
[Round "3"]
[White "Rublevsky, Sergei"]
[Black "Ponkratov, Pavel"]
[Result "1/2-1/2"]
[WhiteElo "2692"]
[BlackElo "2604"]
[PlyCount "62"]
[EventDate "2015.12.13"]

1. e4 e6 2. d4 d5 3. Nd2 h6 4. Ngf3 Nf6 5. Bd3 c5 6. e5 Nfd7 7. c4 dxc4 8. Nxc4
Nc6 9. O-O cxd4 10. Be4 Nb6 11. Qe2 Nb4 12. Rd1 d3 13. Bxd3 Nxd3 14. Rxd3 Bd7
15. Nd6+ Bxd6 16. Rxd6 Qc7 17. Be3 Qc4 18. Qd2 Nd5 19. Rc1 Qxa2 20. Nd4 Rc8 21.
h3 Rxc1+ 22. Qxc1 Qa5 23. Nb3 Qc7 24. Bxa7 Qxc1+ 25. Nxc1 Bb5 26. Bc5 O-O 27.
b4 Rb8 28. Nb3 b6 29. Bd4 Kf8 30. Nd2 Ke7 31. Ne4 Bd3 1/2-1/2

[Event "Grand Prix Russia Final, (rapid) 2015"]
[Site "Khanty-Mansiysk RUS"]
[Date "2015.12.13"]
[Round "4"]
[White "Ponkratov, Pavel"]
[Black "Girya, Olga"]
[Result "1-0"]
[WhiteElo "2604"]
[BlackElo "2456"]
[PlyCount "68"]
[EventDate "2015.12.13"]

1. Nf3 d5 2. g3 c6 3. Bg2 Bg4 4. h3 Bh5 5. c4 e6 6. O-O Nf6 7. Qb3 Qb6 8. Nc3
Nbd7 9. cxd5 exd5 10. Qc2 Bd6 11. d3 Bxf3 12. Bxf3 O-O 13. e4 dxe4 14. dxe4 Qc7
15. Bg2 Rfe8 16. f4 Bc5+ 17. Kh2 Nf8 18. e5 N6d7 19. Ne4 Bb6 20. Nd6 Re7 21.
Nf5 Ree8 22. b3 Ne6 23. Bb2 Bc5 24. Rad1 Rad8 25. Qe2 Nb6 26. Nd6 Re7 27. Qg4
Nd5 28. Rxd5 cxd5 29. f5 Bxd6 30. exd6 Qxd6 31. Rd1 d4 32. fxe6 Qxe6 33. Rxd4
Rxd4 34. Qxd4 Kf8 1-0

[Event "Grand Prix Russia Final, (rapid) 2015"]
[Site "Khanty-Mansiysk RUS"]
[Date "2015.12.14"]
[Round "6"]
[White "Ponkratov, Pavel"]
[Black "Ubiennykh, Ekaterina"]
[Result "1-0"]
[WhiteElo "2604"]
[BlackElo "2283"]
[PlyCount "77"]
[EventDate "2015.12.13"]

1. e4 c6 2. d4 d5 3. e5 Bf5 4. Nf3 e6 5. Be2 Ne7 6. O-O h6 7. b3 c5 8. c3 Nec6
9. Be3 Nd7 10. Ne1 Qc7 11. Nd2 Be7 12. Bd3 Bxd3 13. Nxd3 O-O 14. Qg4 Kh7 15.
Nf3 Rh8 16. Nf4 Ndxe5 17. dxe5 Nxe5 18. Nxe5 Qxe5 19. Rac1 Bd6 20. Rfe1 Qg5 21.
Qxg5 hxg5 22. Nd3 Kg6 23. Bxc5 Bxh2+ 24. Kf1 Bf4 25. Rc2 Rh1+ 26. Ke2 Rxe1+ 27.
Kxe1 Kf5 28. Ke2 e5 29. g3 e4 30. gxf4 exd3+ 31. Kxd3 gxf4 32. Re2 Kf6 33. Bd4+
Kg6 34. Re7 b6 35. Be5 a5 36. a4 f3 37. Bd4 Rb8 38. Rd7 b5 39. Rxd5 1-0